[Event "Tournoi Skype 028B"]
[Site "Skype"]
[Date "????.??.??"]
[Round "8.3"]
[White "Thavorath, Nirandas"]
[Black "Alarcon Alarcon, Florentina"]
[Result "1/2-1/2"]
[WhiteElo "1226"]
[BlackElo "1363"]
[PlyCount "110"]

1. e4 e5 2. Nf3 Nc6 3. Bc4 Be7 4. d4 d6 5. Nc3 Bg4 6. d5 Nd4 7. Be3 Nxf3+ 8.
gxf3 Bh5 9. Be2 Bg5 10. Qd2 Bxe3 11. Qxe3 h6 12. Rg1 Bg6 13. O-O-O a6 14. a3
Nf6 15. f4 exf4 16. Qxf4 Qe7 17. Rd4 Qe5 18. Qe3 Nh5 19. h4 Qh2 20. Rg4 O-O 21.
f4 Nf6 22. Rg3 Nh5 23. Bxh5 Bxh5 24. f5 Qxh4 25. e5 Qd8 26. f6 Bg6 27. fxg7
Kxg7 28. e6 Qe7 29. Re4 f5 30. Qd4+ Qf6 31. Rh4 Qxd4 32. Rxd4 Rae8 33. Ne2 Kf6
34. Nf4 Rg8 35. Rc4 Re7 36. Nh5+ Ke5 37. Rcc3 f4 38. Rg4 Kf5 39. Rxf4+ Kg5 40.
Rg3+ Kxh5 41. Rf1 Kh4 42. Rfg1 c6 43. c4 Reg7 44. Kd2 cxd5 45. Ke3 dxc4 46.
Rg4+ Kh3 47. R1g3+ Kh2 48. Rg2+ Kh3 49. Kf2 Rf8+ 50. Kg1 Rf3 51. Rxg6 Rxg6 52.
Rxg6 Re3 53. Rxh6+ Kg3 54. Kf1 Kf3 55. Rf6+ Kg3 1/2-1/2

[Event "Tournoi Skype 028B"]
[Site "Skype"]
[Date "????.??.??"]
[Round "8.4"]
[White "Bendre, Pankaj"]
[Black "Amato, Ludovica"]
[Result "1-0"]
[WhiteElo "1182"]
[BlackElo "1346"]
[PlyCount "57"]

1. d4 d5 2. Bf4 c5 3. c3 Qb6 4. Qb3 c4 5. Qc2 g6 6. Nd2 Bf5 7. Qc1 Nc6 8. Ngf3
Bg7 9. e3 Nf6 10. h3 h6 11. Be2 O-O 12. O-O Nh5 13. Bh2 Bd7 14. e4 dxe4 15.
Nxe4 Na5 16. Ned2 Rfe8 17. Nxc4 Nxc4 18. Bxc4 Rac8 19. Bb3 Bc6 20. Qe3 Qd8 21.
Qd3 e5 22. Qxg6 Nf6 23. Bxf7+ Kf8 24. Bxe8 Qxe8 25. Qxe8+ Rxe8 26. Nxe5 Be4 27.
Rfe1 Bf5 28. Nf3 Rd8 29. Nd2 1-0

[Event "Tournoi Skype 028B"]
[Site "Skype"]
[Date "????.??.??"]
[Round "8.8"]
[White "Jimenez, Eduardo"]
[Black "Castillo, David"]
[Result "1/2-1/2"]
[WhiteElo "1000"]
[BlackElo "1381"]
[PlyCount "193"]

1. d4 f5 2. g3 Nf6 3. c4 e6 4. Bg2 c6 5. Nd2 d5 6. Nh3 Be7 7. O-O O-O 8. c5
Nbd7 9. Qc2 Ne4 10. Nxe4 dxe4 11. Qc3 Bf6 12. Be3 Re8 13. Bf4 Nf8 14. e3 Qd5
15. Rfd1 Ng6 16. Bc7 Qd7 17. Bd6 Qf7 18. Bf1 e5 19. d5 cxd5 20. Bb5 Rd8 21. Qb3
Ne7 22. Bc7 Rf8 23. Be2 Nc6 24. Bd6 Rd8 25. Kg2 Be6 26. Rac1 d4 27. Bc4 Bxc4
28. Qxc4 Qxc4 29. Rxc4 Rd7 30. a4 Rad8 31. Ra1 a5 32. b3 Kf7 33. Rac1 g5 34.
Rd1 h5 35. Rd2 Rh8 36. Rd1 g4 37. Ng1 h4 38. Ne2 d3 39. Nc3 Ke6 40. Nb5 hxg3
41. fxg3 Bg5 42. Nc7+ Kf7 43. Nd5 Be7 44. Nxe7 Nxe7 45. Bxe5 Rhd8 46. Rf1 d2
47. Rd1 Rd3 48. Rc3 R8d5 49. Bh8 Rxc3 50. Bxc3 Rd3 51. Bxa5 Rxb3 52. Kf2 Ra3
53. Bxd2 Rxa4 54. Rb1 Ra7 55. Ke2 Ke6 56. Bc3 Nd5 57. Bd2 Kd7 58. Rf1 Ne7 59.
Rb1 Kc6 60. Rc1 Ra2 61. Rb1 Nd5 62. Rc1 Rb2 63. Rf1 Ne7 64. Rc1 Rb5 65. Ra1
Rxc5 66. Bb4 Re5 67. Rd1 Nd5 68. Rc1+ Kd7 69. Rd1 Kc6 70. Rc1+ Kb5 71. Bd6 Re6
72. Rc5+ Kb6 73. Rxd5 Kc6 74. Rxf5 Kxd6 75. Rf4 b5 76. Rxg4 b4 77. Rg5 Kc6 78.
Rf5 b3 79. Rf8 Rh6 80. h4 Rg6 81. Kf2 Kc5 82. Kg2 Kc4 83. Rc8+ Kd3 84. Rd8+
Kxe3 85. Rb8 Kd2 86. Rxb3 e3 87. Rb2+ Kc3 88. Rb8 Rf6 89. Rc8+ Kd2 90. Rd8+ Ke1
91. h5 Rf2+ 92. Kg1 Rd2 93. Rb8 Rd5 94. h6 Rh5 95. Rb6 e2 96. Rd6 Rh4 97. gxh4
1/2-1/2

[Event "Tournoi Skype 028B"]
[Site "Skype"]
[Date "????.??.??"]
[Round "8.9"]
[White "Quispe, Alberto"]
[Black "Scata, Laura"]
[Result "1-0"]
[WhiteElo "1000"]
[BlackElo "1366"]
[PlyCount "159"]

1. e4 c6 2. d4 d5 3. e5 Bf5 4. Bd3 Bxd3 5. Qxd3 e6 6. Nf3 c5 7. c3 Qb6 8. Nbd2
Nd7 9. b3 Ne7 10. a4 cxd4 11. cxd4 a6 12. a5 Qc7 13. O-O Nc6 14. Bb2 Bb4 15.
Bc3 Bxa5 16. Bxa5 Nxa5 17. Rfc1 Nc6 18. b4 O-O 19. Nb3 Rfc8 20. h4 Qd8 21. Qd2
Qe7 22. Nc5 Nxc5 23. bxc5 Rcb8 24. Rcb1 Qc7 25. Rb6 Ne7 26. Rab1 Nc8 27. R6b3
b6 28. cxb6 Rxb6 29. Rxb6 Nxb6 30. Qa5 Rb8 31. Qxa6 Nc4 32. Rxb8+ Qxb8 33. Qa2
Kf8 34. Qc2 g6 35. h5 Ke7 36. hxg6 fxg6 37. Qc1 Qf8 38. Qc3 h6 39. Nh4 Qg7 40.
Qb4+ Ke8 41. Qb8+ Kf7 42. Qb7+ Kf8 43. Qc8+ Kf7 44. Qd7+ Kf8 45. Qxe6 Qf7 46.
Qc8+ Kg7 47. Qg4 Nd2 48. e6 Qf6 49. e7 Kf7 50. Qxg6+ Kxe7 51. Qxf6+ Kxf6 52. f4
Ne4 53. g4 Nd6 54. Kf2 Nb5 55. Ke3 Nc3 56. Kf3 Nb5 57. Nf5 Kg6 58. Nh4+ Kf6 59.
Ke3 Nc3 60. Nf5 Kg6 61. Kd3 Ne4 62. Ke3 Nf6 63. Kf3 Nxg4 64. Ne7+ Kh5 65. Nxd5
Nh2+ 66. Ke4 Kg4 67. Nf6+ Kg3 68. Nh5+ Kg4 69. Nf6+ Kg3 70. d5 Nf3 71. d6 Nd2+
72. Kf5 Nf3 73. d7 Nd4+ 74. Ke4 Nc6 75. f5 h5 76. Nxh5+ Kg4 77. Nf6+ Kg5 78.
Nd5 Kh6 79. Ne7 Nd8 80. Nd5 1-0

[Event "Tournoi Skype 028B"]
[Site "Skype"]
[Date "????.??.??"]
[Round "8.11"]
[White "Vaswani, Manohar"]
[Black "Raudales, Victor"]
[Result "1-0"]
[WhiteElo "1000"]
[BlackElo "1340"]
[PlyCount "105"]

1. e4 e5 2. Nf3 d6 3. Nc3 Bg4 4. Bc4 Nc6 5. d3 Bxf3 6. Qxf3 Nf6 7. Bg5 Be7 8.
O-O O-O 9. Ne2 Nd4 10. Nxd4 exd4 11. Rfe1 c6 12. e5 dxe5 13. Rxe5 Re8 14. Rae1
Qd7 15. b4 Bxb4 16. Rxe8+ Rxe8 17. Rxe8+ Qxe8 18. Qd1 Qe1+ 19. Qxe1 Bxe1 20.
Kf1 Bb4 21. Ke2 Nd5 22. Kf3 f6 23. Bh4 Kf8 24. Ke4 Nc3+ 25. Kxd4 b5 26. Bb3 a5
27. a3 Ne2+ 28. Ke3 Bd6 29. Kxe2 Bxh2 30. Bg3 Bxg3 31. fxg3 g5 32. Kf3 h5 33.
g4 hxg4+ 34. Kxg4 Kg7 35. Kf5 c5 36. Ke6 Kg6 37. Kd5 a4 38. Ba2 b4 39. axb4
cxb4 40. Kc4 b3 41. cxb3 axb3 42. Bxb3 Kf5 43. Kc5 Kg6 44. d4 Kg7 45. Kd6 Kf8
46. Kc7 f5 47. d5 f4 48. d6 g4 49. d7 f3 50. d8=Q+ Kg7 51. Qd6 fxg2 52. Qd1 Kh6
53. Qg1 1-0

[Event "Tournoi Skype 028B"]
[Site "Skype"]
[Date "????.??.??"]
[Round "8.12"]
[White "Mhabdi, Mahesh"]
[Black "Rodriguez, Omar Alexander"]
[Result "1-0"]
[WhiteElo "1312"]
[BlackElo "1000"]
[PlyCount "71"]

1. e4 e5 2. Nf3 Nc6 3. Bb5 Bb4 4. O-O Nge7 5. a3 Bc5 6. c3 O-O 7. d4 exd4 8.
Bxc6 dxc6 9. cxd4 Bb6 10. Nc3 Bg4 11. Be3 Bxf3 12. Qxf3 Bxd4 13. Rad1 c5 14. b4
b6 15. bxc5 bxc5 16. Na4 Rb8 17. Nxc5 Nc6 18. Qg3 Qf6 19. Nd7 Qd6 20. Qxd6 cxd6
21. Nxb8 Bxe3 22. fxe3 Rxb8 23. Rxd6 Ne5 24. Rfd1 h5 25. Rd8+ Rxd8 26. Rxd8+
Kh7 27. Ra8 Ng4 28. Rxa7 f6 29. h3 Nxe3 30. Rc7 Kh6 31. a4 f5 32. exf5 Nxf5 33.
a5 Kg5 34. a6 Kh4 35. Kf2 g5 36. a7 1-0

[Event "Tournoi Skype 028B"]
[Site "Skype"]
[Date "????.??.??"]
[Round "8.13"]
[White "Suazo, Olvin"]
[Black "Khatanhar, Mohit"]
[Result "1-0"]
[WhiteElo "1000"]
[BlackElo "1266"]
[PlyCount "53"]

1. e4 e5 2. Nf3 Nc6 3. Bb5 Nf6 4. O-O Nxe4 5. Re1 Nf6 6. Bxc6 dxc6 7. Nxe5 Be7
8. Qe2 O-O 9. Nxc6 Bd6 10. Nxd8 Rxd8 11. Nc3 Bd7 12. d3 Re8 13. Ne4 Ng4 14. h3
Ne5 15. Bg5 Kh8 16. Qh5 g6 17. Bf6+ Kg8 18. Qh6 Bf8 19. Qh4 h5 20. Bxe5 Rxe5
21. Nf6+ Kg7 22. Rxe5 Bd6 23. Re3 Bc6 24. Ne4 Be5 25. Rf3 f5 26. Qe7+ Kh8 27.
Qxe5+ 1-0

[Event "Tournoi Skype 028B"]
[Site "Skype"]
[Date "????.??.??"]
[Round "8.14"]
[White "Felippe E Silva, Glenda"]
[Black "Garganese, Paolo"]
[Result "1/2-1/2"]
[WhiteElo "1207"]
[BlackElo "1000"]
[PlyCount "133"]

1. d4 Nf6 2. Nf3 g6 3. Bf4 Bg7 4. e3 d6 5. Nbd2 O-O 6. Bd3 Nbd7 7. O-O Nh5 8.
Bg3 Nxg3 9. hxg3 Nf6 10. c3 c5 11. Re1 b6 12. e4 Bb7 13. Bc4 e6 14. Bb3 Rc8 15.
e5 Ne8 16. a3 b5 17. exd6 c4 18. Bc2 Nxd6 19. Ne5 f6 20. Nef3 Bd5 21. Ne4 Nxe4
22. Bxe4 Qd6 23. Bxd5 Qxd5 24. Qe2 Rfe8 25. Qe4 Rcd8 26. g4 g5 27. Rad1 Qxe4
28. Rxe4 Rd5 29. Rde1 Kf7 30. Nd2 e5 31. R4e3 Red8 32. Nf3 R8d7 33. dxe5 fxe5
34. Nxg5+ Kg6 35. Ne6 Rd3 36. Nxg7 Rxe3 37. fxe3 Kxg7 38. Rf1 Kg6 39. Rf5 Rd1+
40. Kh2 e4 41. Re5 Kf6 42. Rxe4 Rd2 43. Rf4+ Kg5 44. Rf5+ Kxg4 45. Rxb5 Rd3 46.
Re5 Rd2 47. Re7 Rxb2 48. Rxh7 Rb3 49. e4 Kf4 50. Re7 Rxc3 51. e5 Rxa3 52. e6
Kf5 53. g4+ Kf6 54. Rc7 Kxe6 55. Rxc4 Kf6 56. Rc5 a5 57. g5+ Kg6 58. Kg2 Kh5
59. Kf2 a4 60. Ra5 Kg6 61. Ke2 Ra1 62. Kd2 a3 63. Kc2 Rg1 64. Kb3 Rg3+ 65. Ka2
Rxg5 66. Rxg5+ Kxg5 67. Kxa3 1/2-1/2

[Event "Tournoi Skype 028B"]
[Site "Skype"]
[Date "????.??.??"]
[Round "8.15"]
[White "Vincent, Andre"]
[Black "Malbec, Robert"]
[Result "1/2-1/2"]
[WhiteElo "1377"]
[BlackElo "1214"]
[PlyCount "92"]

1. d4 d5 2. Bf4 Nf6 3. e3 e6 4. Nf3 Bd6 5. Ne5 O-O 6. Bd3 c5 7. c3 c4 8. Bc2
Nfd7 9. Nd2 Be7 10. Ndf3 f6 11. Nxd7 Qxd7 12. O-O Bd6 13. Ba4 Qc7 14. Bxd6 Qxd6
15. h3 Nc6 16. Bc2 e5 17. e4 b5 18. a3 Bb7 19. Qd2 Ne7 20. Rad1 dxe4 21. dxe5
Qxd2 22. Nxd2 f5 23. b3 Bd5 24. bxc4 bxc4 25. Rb1 Rab8 26. Rxb8 Rxb8 27. Rb1
Rb6 28. Rb4 Nc6 29. Rxb6 axb6 30. f4 exf3 31. Bxf5 fxg2 32. e6 g6 33. Be4 Bxe4
34. Nxe4 Kf8 35. Kxg2 Ke7 36. Ng5 h6 37. Nf7 Kxe6 38. Nxh6 b5 39. Ng4 Ne5 40.
Nxe5 Kxe5 41. Kf3 Kf5 42. Ke3 Ke5 43. Kf3 g5 44. Ke3 Kd5 45. Kf3 Ke5 46. Ke3
Kd5 1/2-1/2

[Event "Tournoi Skype 028B"]
[Site "Skype"]
[Date "????.??.??"]
[Round "8.16"]
[White "Rivalta, Paolo"]
[Black "Rodriguez, Nathalie"]
[Result "1-0"]
[WhiteElo "1101"]
[BlackElo "1266"]
[PlyCount "89"]

1. e4 e5 2. Nf3 Nc6 3. Bc4 Nd4 4. c3 Nxf3+ 5. Qxf3 Nf6 6. d4 d5 7. Bxd5 Nxd5 8.
exd5 Be7 9. O-O O-O 10. Re1 exd4 11. Qe4 Re8 12. Qxd4 h6 13. Bf4 Bf6 14. Qd2 b6
15. Na3 a6 16. c4 Bb7 17. Rad1 Rc8 18. h3 Qd7 19. d6 cxd6 20. Bxd6 Qc6 21.
Rxe8+ Rxe8 22. f3 Bg5 23. Bf4 Qc5+ 24. Kf1 Bxf4 25. Qxf4 Qc6 26. b3 Re6 27. h4
Rf6 28. Qg3 b5 29. h5 bxc4 30. Nxc4 Qe6 31. Qb8+ Qc8 32. Rd8+ Qxd8 33. Qxd8+
Kh7 34. Ne5 Rf5 35. Qd7 Rxe5 36. Qxb7 Rxh5 37. Qxa6 Rh1+ 38. Kf2 Rc1 39. Qd3+
g6 40. a4 Rc8 41. Qd7 Rc2+ 42. Kg3 Rc5 43. Qxf7+ Kh8 44. Qf8+ Kh7 45. Qxc5 1-0

[Event "Tournoi Skype 028B"]
[Site "Skype"]
[Date "????.??.??"]
[Round "8.17"]
[White "Telles, Rigoberto"]
[Black "Bucherie, Volcy"]
[Result "1-0"]
[WhiteElo "1307"]
[BlackElo "1336"]
[PlyCount "79"]

1. e4 d5 2. exd5 Qxd5 3. Nc3 Qe5+ 4. Qe2 Nc6 5. Qxe5 Nxe5 6. Nb5 Kd7 7. d4 Ng4
8. Bf4 e5 9. dxe5 f6 10. e6+ Kxe6 11. Nxc7+ Kf5 12. Bg3 Bb4+ 13. c3 Ba5 14.
Nxa8 Bb6 15. Nxb6 axb6 16. O-O-O Be6 17. Bd3+ Kg5 18. Nf3+ Kh5 19. h3 Ne5 20.
Nxe5 fxe5 21. Bxe5 Nf6 22. g4+ Kh4 23. Bg3+ Kg5 24. f4+ Kh6 25. f5 Bxa2 26.
Bf4+ g5 27. fxg6+ Kg7 28. Be5 hxg6 29. g5 Kf7 30. Bxf6 Rh5 31. Be2 Rh4 32. Rd7+
Ke6 33. Rxb7 Bd5 34. Re7+ Kd6 35. Rd1 Rxh3 36. Bc4 Kc5 37. Bxd5 b5 38. b4+ Kd6
39. Bg2+ Rd3 40. Rxd3# 1-0

[Event "Tournoi Skype 028B"]
[Site "Skype"]
[Date "????.??.??"]
[Round "8.18"]
[White "Figueiredo, Oneide De Souza"]
[Black "De Coninck, Philippe"]
[Result "0-1"]
[WhiteElo "1372"]
[BlackElo "1173"]
[PlyCount "89"]

1. e4 c5 2. Bc4 d6 3. c3 b6 4. d4 Nd7 5. Bd5 Rb8 6. Bc6 Ngf6 7. Qe2 Bb7 8. Bxb7
Rxb7 9. d5 g6 10. c4 Bg7 11. Nc3 Nh5 12. Bd2 O-O 13. Nf3 Re8 14. O-O e6 15.
Rab1 exd5 16. cxd5 Bxc3 17. bxc3 Nhf6 18. Bg5 Qe7 19. Nd2 Rc7 20. c4 Qe5 21. f4
Qd4+ 22. Kh1 Nxe4 23. Nxe4 Rxe4 24. Qc2 Qxc4 25. Qxc4 Rxc4 26. Be7 Rc2 27. Bxd6
Rc8 28. Rfe1 Rxa2 29. Re7 Nf6 30. Rbe1 Nxd5 31. Re8+ Rxe8 32. Rxe8+ Kg7 33. h3
c4 34. Rd8 Ne3 35. Bf8+ Kf6 36. Rd6+ Kf5 37. Bh6 Nxg2 38. Rd5+ Ke4 39. Re5+ Kf3
40. f5 Kg3 41. Re3+ Nxe3 42. Bxe3 Ra1+ 43. Bg1 c3 44. fxg6 hxg6 45. h4 0-1

[Event "Tournoi Skype 028B"]
[Site "Skype"]
[Date "????.??.??"]
[Round "8.19"]
[White "Lopes, Marcia Maria"]
[Black "Conde, Ramon"]
[Result "1-0"]
[WhiteElo "1363"]
[BlackElo "1113"]
[PlyCount "43"]

1. d4 Nf6 2. Bf4 e6 3. Nf3 c5 4. e3 Nc6 5. c3 d5 6. Bd3 Bd6 7. Bg3 Qc7 8. dxc5
Bxg3 9. hxg3 e5 10. Bc2 Bg4 11. Qd2 O-O-O 12. b4 Ne4 13. Qc1 Nf6 14. Nbd2 h6
15. a4 Rhe8 16. O-O e4 17. Nd4 Kb8 18. Nxc6+ Qxc6 19. a5 a6 20. Ba4 b5 21. axb6
Qxb6 22. cxb6 1-0

[Event "Tournoi Skype 028B"]
[Site "Skype"]
[Date "????.??.??"]
[Round "8.20"]
[White "Alarcon Alarcon, Marina"]
[Black "Sanchez Padilla, Armando Edilber"]
[Result "0-1"]
[WhiteElo "1198"]
[BlackElo "1323"]
[PlyCount "66"]

1. e4 e5 2. Nf3 Nc6 3. Bb5 Nf6 4. d3 Bc5 5. c3 O-O 6. Bg5 Re8 7. O-O h6 8. Be3
Bb6 9. Nbd2 Ng4 10. Bxb6 axb6 11. h3 Nf6 12. a3 Ra5 13. Bc4 b5 14. Bd5 d6 15.
b4 Ra6 16. a4 Na7 17. axb5 Nxb5 18. c4 Nc3 19. Qb3 Ne2+ 20. Kh2 Nf4 21. Rxa6
bxa6 22. Bc6 Re7 23. Re1 N6h5 24. Ng1 Re6 25. Bd5 Nxd5 26. exd5 Qg5 27. Ne4
Qf4+ 28. g3 Qf5 29. dxe6 Bxe6 30. Re3 Qg6 31. Qd1 f5 32. g4 Nf4 33. gxf5 Qg2#
0-1

[Event "Tournoi Skype 028B"]
[Site "Skype"]
[Date "????.??.??"]
[Round "8.21"]
[White "Luunge, Abdi"]
[Black "Barba Cepeda, Julio Cesar"]
[Result "1-0"]
[WhiteElo "1320"]
[BlackElo "1087"]
[PlyCount "65"]

1. d4 Nf6 2. g3 e6 3. Bg2 d5 4. c4 Bb4+ 5. Bd2 Nc6 6. Bxb4 Nxb4 7. Qa4+ Nc6 8.
cxd5 exd5 9. Qa3 Ne5 10. dxe5 Ne4 11. Nf3 b6 12. Nbd2 Nxd2 13. Nxd2 c5 14. Rd1
O-O 15. Ne4 Qe7 16. Nc3 Bg4 17. Rxd5 Qe6 18. O-O a6 19. Re1 a5 20. Nb5 Qe7 21.
Qe3 Bd7 22. Nc3 Bc6 23. Rd6 Bxg2 24. Kxg2 Qb7+ 25. Kg1 Rfe8 26. Red1 h6 27. Rd7
Qc6 28. R1d6 Qc8 29. Qf4 Rf8 30. Nd5 Qa6 31. Nc7 Qxe2 32. Nxa8 Rxa8 33. Qxf7+
1-0

[Event "Tournoi Skype 028B"]
[Site "Skype"]
[Date "????.??.??"]
[Round "8.22"]
[White "De Nobrega, George"]
[Black "Gerbaux, Regis"]
[Result "1-0"]
[WhiteElo "1295"]
[BlackElo "1073"]
[PlyCount "73"]

1. e4 c6 2. Nf3 d6 3. h3 Nd7 4. d4 e5 5. dxe5 dxe5 6. Bc4 Ngf6 7. Nc3 h6 8. a3
Be7 9. O-O Nc5 10. Qxd8+ Bxd8 11. Nxe5 Be6 12. Bxe6 fxe6 13. Ng6 Rg8 14. e5
Nfe4 15. Nxe4 Nxe4 16. Re1 Nc5 17. Be3 Nd7 18. Rad1 Bc7 19. Bd4 Kf7 20. Nf4
Rgf8 21. Bc3 Rad8 22. Bb4 Rfe8 23. Bd6 Nxe5 24. Bxc7 Rxd1 25. Rxd1 Kf6 26.
Bxe5+ Kxe5 27. g3 Ke4 28. Rd7 Kf3 29. Rxg7 e5 30. Ng2 Rf8 31. Kf1 Ke4 32. Rxb7
Kf5 33. Rxa7 h5 34. Rc7 Rf6 35. Rd7 e4 36. Ne3+ Ke6 37. Rh7 1-0

[Event "Tournoi Skype 028B"]
[Site "Skype"]
[Date "????.??.??"]
[Round "8.23"]
[White "Yepes Bermudez, Maribel"]
[Black "Berbedes, Jorgelina"]
[Result "1/2-1/2"]
[WhiteElo "1287"]
[BlackElo "1061"]
[PlyCount "66"]

1. e4 c5 2. c3 Nf6 3. d3 d5 4. e5 Ng4 5. Nf3 Nc6 6. d4 f6 7. h3 Nh6 8. Bf4 g5
9. Bg3 Nf5 10. Bh2 cxd4 11. cxd4 Qb6 12. Nc3 Be6 13. Bb5 O-O-O 14. O-O Nfxd4
15. Nxd4 Qxd4 16. Bxc6 Qxd1 17. Rfxd1 bxc6 18. Na4 Bf7 19. Rac1 Be8 20. e6 f5
21. Be5 Rg8 22. Nc3 Rg6 23. Bd4 Rxe6 24. Bxa7 Bh5 25. Rd4 Rd7 26. Ra4 Bg7 27.
Bc5 Kb8 28. Kf1 d4 29. Nb1 Be2+ 30. Kg1 d3 31. Nd2 Rb7 32. b3 h5 33. Rcc4 Be5
1/2-1/2

[Event "Tournoi Skype 028B"]
[Site "Skype"]
[Date "????.??.??"]
[Round "8.24"]
[White "Vervoort, Jean-Louis"]
[Black "Franca, Adilson Mendes"]
[Result "0-1"]
[WhiteElo "1273"]
[BlackElo "1000"]
[PlyCount "28"]

1. d4 d5 2. Bf4 Bf5 3. Nf3 e6 4. e3 c5 5. c3 cxd4 6. cxd4 Bxb1 7. Rxb1 Bb4+ 8.
Nd2 Nf6 9. Qb3 Bxd2+ 10. Kxd2 Qa5+ 11. Kc2 b6 12. Bb5+ Kd8 13. a4 Ne4 14. f3
Qd2# 0-1

[Event "Tournoi Skype 028B"]
[Site "Skype"]
[Date "????.??.??"]
[Round "8.25"]
[White "Ruiz Gomez, Luz Alba"]
[Black "Battaglia, Gabriele"]
[Result "1/2-1/2"]
[WhiteElo "1190"]
[BlackElo "1245"]
[PlyCount "182"]

1. d4 Nf6 2. Bf4 d5 3. e3 g6 4. Nd2 Bg7 5. Ngf3 O-O 6. c3 Nbd7 7. Be2 c5 8. O-O
cxd4 9. exd4 Re8 10. Ne5 Nh5 11. Bxh5 gxh5 12. Qxh5 Nxe5 13. Bxe5 Qb6 14. Bxg7
Kxg7 15. Nf3 Qg6 16. Qxg6+ hxg6 17. Rfe1 Bf5 18. Ne5 Rad8 19. Re3 f6 20. Nf3 g5
21. Rae1 Rd7 22. Rc1 Rh8 23. Rce1 Kf7 24. b3 g4 25. Nd2 e6 26. c4 Rd6 27. c5
Rdd8 28. Nf1 Rh4 29. Ng3 Rdh8 30. b4 Rxh2 31. b5 Be4 32. f3 gxf3 33. gxf3 Bf5
34. c6 bxc6 35. bxc6 R2h3 36. f4 Rg8 37. Kg2 Rh4 38. c7 Be4+ 39. Rxe4 dxe4 40.
Rxe4 Rhg4 41. Re3 Rxf4 42. Rc3 Rxd4 43. c8=Q Rd2+ 44. Kf3 Rxc8 45. Rxc8 Rxa2
46. Rc7+ Kg6 47. Ne4 a5 48. Rc6 Ra3+ 49. Ke2 Kf5 50. Nd6+ Ke5 51. Ne8 Ra2+ 52.
Kd1 Ra4 53. Rc5+ Kd4 54. Rc6 Kd5 55. Rc7 Rd4+ 56. Ke2 Re4+ 57. Kf3 Rc4 58. Ra7
Rc3+ 59. Ke2 Rc2+ 60. Kd3 Ra2 61. Nxf6+ Ke5 62. Nd7+ Kd6 63. Nb8 e5 64. Na6
Ra3+ 65. Ke4 Ra4+ 66. Ke3 e4 67. Rf7 Ke5 68. Nc5 Rc4 69. Nd7+ Ke6 70. Rg7 a4
71. Nb6 Rb4 72. Rg6+ Kf5 73. Rc6 a3 74. Nd7 Ra4 75. Rc5+ Ke6 76. Nf8+ Kd6 77.
Rc2 a2 78. Rc1 a1=Q 79. Rxa1 Rxa1 80. Kxe4 Ke7 81. Ng6+ Kf6 82. Nf4 Ra4+ 83.
Kf3 Kf5 84. Ne2 Rf4+ 85. Kg3 Rg4+ 86. Kf3 Ra4 87. Ke3 Ke5 88. Kd3 Kd5 89. Ke3
Ra3+ 90. Kf4 Ra2 91. Nc3+ Kd4 1/2-1/2

[Event "Tournoi Skype 028B"]
[Site "Skype"]
[Date "????.??.??"]
[Round "8.26"]
[White "Hernandez Lopez, Joaquin"]
[Black "Chavez, Isidro"]
[Result "1-0"]
[WhiteElo "1106"]
[BlackElo "1227"]
[PlyCount "71"]

1. e4 b6 2. d3 Bb7 3. g3 Nf6 4. Bg2 h6 5. b3 e6 6. Bb2 d5 7. Nd2 c5 8. c4 d4 9.
a3 e5 10. Ngf3 Bd6 11. O-O O-O 12. Nh4 Nc6 13. Nf5 Bc8 14. Nxd6 Qxd6 15. Nf3
Bg4 16. Qd2 Nh5 17. h3 Bxh3 18. Bxh3 Nf6 19. Nh4 Na5 20. Qd1 a6 21. Bc1 Rab8
22. Nf5 Qc7 23. Bg4 Ne8 24. Bh3 f6 25. Qg4 g5 26. Nxh6+ Kh8 27. Qh5 Qg7 28. Bf5
Nd6 29. Nf7+ Kg8 30. Nxd6 Nxb3 31. Be6+ Rf7 32. Bxf7+ Kf8 33. Nf5 Qxf7 34. Qh8+
Qg8 35. Qh6+ Qg7 36. Nxg7 1-0

[Event "Tournoi Skype 028B"]
[Site "Skype"]
[Date "????.??.??"]
[Round "8.27"]
[White "Parrales, Rodolfo"]
[Black "Moumtaz, Abderrahim"]
[Result "1-0"]
[WhiteElo "1000"]
[BlackElo "1226"]
[PlyCount "39"]

1. d4 Nf6 2. Nf3 e6 3. Nc3 Bb4 4. Bd2 d5 5. a3 Bd6 6. e4 dxe4 7. Ng5 Nc6 8.
Ngxe4 Be7 9. Bd3 Qxd4 10. Nb5 Qd8 11. Qe2 a6 12. Nbc3 Nd4 13. Qe3 O-O 14. Qg3
Nf5 15. Qh3 h6 16. O-O-O Nd4 17. Nxf6+ Bxf6 18. Bxh6 gxh6 19. Qxh6 Bg7 20. Qh7#
1-0

[Event "Tournoi Skype 028B"]
[Site "Skype"]
[Date "????.??.??"]
[Round "8.28"]
[White "Urda, Carlos Mario"]
[Black "Rosenkoetter, David"]
[Result "1-0"]
[WhiteElo "1000"]
[BlackElo "1216"]
[PlyCount "49"]

1. e4 c5 2. c3 d5 3. e5 Bf5 4. d4 e6 5. Bb5+ Nd7 6. Nf3 cxd4 7. Nxd4 Bg6 8. Nd2
a6 9. Bxd7+ Qxd7 10. O-O Ne7 11. N2f3 Nc6 12. Nh4 Nxe5 13. Re1 Bd6 14. Bf4 Qc7
15. Bxe5 Bxe5 16. Ndf3 Bd6 17. Qxd5 Qe7 18. Qd4 Rd8 19. Qxg7 Qf8 20. Qf6 Be7
21. Qe5 Rg8 22. Nxg6 Rxg6 23. Rad1 Rxd1 24. Rxd1 Qg8 25. Qb8+ 1-0

[Event "Tournoi Skype 028B"]
[Site "Skype"]
[Date "????.??.??"]
[Round "8.29"]
[White "Conde, Carmen"]
[Black "Santamaria Garcia, Jesus"]
[Result "1-0"]
[WhiteElo "1207"]
[BlackElo "1022"]
[PlyCount "81"]

1. e4 e5 2. d4 d6 3. Bc4 Nf6 4. dxe5 dxe5 5. Nd2 Nc6 6. Qf3 Bg4 7. Qb3 Qd7 8.
h3 Bh5 9. Qxb7 Rb8 10. Qa6 Rb6 11. Qa4 Rb4 12. Qa6 Rb6 13. Qa4 Rb4 14. Qa3 Rxc4
15. Qd3 Qxd3 16. cxd3 Rc2 17. Ngf3 Bb4 18. O-O Bxd2 19. Nxd2 Nb4 20. Nc4 Nxd3
21. Ne3 Re2 22. Nf5 Rxe4 23. Nxg7+ Kf8 24. Nf5 Be2 25. Bh6+ Ke8 26. Rfb1 Rg8
27. Ng3 Rb4 28. Nxe2 Rxb2 29. Rd1 Rxe2 30. Rxd3 Ke7 31. a4 Rd8 32. Rad1 Rxd3
33. Rxd3 c5 34. Bg5 Ke6 35. Bxf6 Kxf6 36. Rc3 Ra2 37. Rc4 a5 38. g4 Kg5 39.
Rxc5 Rxa4 40. Rxe5+ Kh4 41. Rh5# 1-0

[Event "Tournoi Skype 028B"]
[Site "Skype"]
[Date "????.??.??"]
[Round "8.30"]
[White "Vaquero, Roberto"]
[Black "Douichi, Mohammed"]
[Result "1-0"]
[WhiteElo "1000"]
[BlackElo "1203"]
[PlyCount "119"]

1. Nf3 d5 2. d4 Bf5 3. Nbd2 Nc6 4. e3 Nb4 5. Bb5+ c6 6. Ba4 b5 7. Bb3 Nf6 8. a3
Na6 9. O-O e6 10. h3 Be7 11. Ba2 O-O 12. b4 Qc7 13. Re1 Bd6 14. Ne5 c5 15. c3
cxd4 16. cxd4 Bc2 17. Qe2 Rab8 18. Ndf3 Ne4 19. Bb2 Qb6 20. Qxc2 Rbc8 21. Qe2
Nb8 22. Rac1 Rxc1 23. Rxc1 Qb7 24. Qc2 a6 25. Nd3 Qb6 26. Nc5 Qc6 27. Nxe4 Qxc2
28. Rxc2 dxe4 29. Ng5 Nd7 30. Nxe4 Bb8 31. Nc5 Nf6 32. f3 Rc8 33. e4 Nd7 34. g4
e5 35. dxe5 Bxe5 36. Bxe5 Nxe5 37. Kg2 Nc4 38. Kg3 Nxa3 39. Rd2 Nc4 40. Rd7 h6
41. Nxa6 Ne5 42. Re7 Nc4 43. Nc7 Kf8 44. Rd7 Rb8 45. Nxb5 Ne5 46. Rd5 f6 47. f4
Nc6 48. Bc4 Nxb4 49. Rd7 Rb6 50. Nc7 Nc6 51. Rf7+ Kg8 52. Rxf6+ Kh7 53. Rd6 Kh8
54. Bd5 Kh7 55. Bxc6 Rb3+ 56. Kh4 Rf3 57. f5 g5+ 58. fxg6+ Kg7 59. e5 Rf8 60.
Ne6+ 1-0

[Event "Tournoi Skype 028B"]
[Site "Skype"]
[Date "????.??.??"]
[Round "8.31"]
[White "Milanese, Serge"]
[Black "Ibanez, Bittor"]
[Result "0-1"]
[WhiteElo "1202"]
[BlackElo "1000"]
[PlyCount "40"]

1. d4 e6 2. c4 Nf6 3. g3 g6 4. Bg2 Bg7 5. e4 O-O 6. Nc3 c6 7. Nge2 d6 8. O-O
Na6 9. a3 Nc7 10. Qd3 e5 11. d5 c5 12. h3 Nfe8 13. h4 f5 14. Bd2 Nf6 15. Bg5 h6
16. Bd2 Nh5 17. Be3 f4 18. gxf4 Qxh4 19. f5 gxf5 20. Qd2 f4 0-1

[Event "Tournoi Skype 028B"]
[Site "Skype"]
[Date "????.??.??"]
[Round "8.32"]
[White "Munoz Gonzalez, Martin"]
[Black "Montilla Bejarano, Carmen"]
[Result "1/2-1/2"]
[WhiteElo "1406"]
[BlackElo "1073"]
[PlyCount "54"]

1. b4 e6 2. Bb2 d6 3. Nf3 a6 4. e3 b5 5. c4 Bd7 6. Nc3 Nc6 7. a3 Nf6 8. cxb5
axb5 9. Bxb5 Ne7 10. Nd4 c6 11. Ba4 e5 12. Nf3 e4 13. Nd4 Nfd5 14. Nxd5 cxd5
15. Nb5 Qb8 16. Nc3 g6 17. Bxd7+ Kxd7 18. Nxd5 Nxd5 19. Bxh8 Be7 20. Bd4 Qb5
21. Qc2 Nxb4 22. Qxe4 Nd3+ 23. Kd1 Nxf2+ 24. Ke1 Nxe4 25. Rf1 Qd3 26. Rd1 Rxa3
27. Rxf7 Ke6 1/2-1/2

[Event "Tournoi Skype 028B"]
[Site "Skype"]
[Date "????.??.??"]
[Round "8.33"]
[White "Le Bouill, Pierre"]
[Black "Cengiz, Ali Ekber"]
[Result "0-1"]
[WhiteElo "1252"]
[BlackElo "1098"]
[PlyCount "70"]

1. e4 e5 2. Nf3 d6 3. Bc4 Nf6 4. d3 Be7 5. h3 c6 6. c3 Nbd7 7. a3 Nb6 8. Bb3
Qc7 9. Be3 Nbd7 10. Nbd2 b5 11. c4 Ba6 12. O-O bxc4 13. Nxc4 d5 14. exd5 cxd5
15. Ncd2 Bxd3 16. Re1 Qb7 17. Rc1 O-O 18. Bc2 Bxc2 19. Rxc2 Rac8 20. b4 Nh5 21.
Nxe5 Nxe5 22. Qxh5 Rxc2 23. Qxe5 Rd8 24. Nf3 f6 25. Qe6+ Kh8 26. Nd4 Qd7 27.
Qxd7 Rxd7 28. Nxc2 Bd6 29. Bc5 Kg8 30. Bxd6 Rxd6 31. Re7 d4 32. Rxa7 d3 33. Ne3
d2 34. Nd1 Re6 35. Kf1 Re1# 0-1